Normal view
MARC view
Entry Topical Term
001 - CONTROL NUMBER
- control field: 243136
003 - CONTROL NUMBER IDENTIFIER
- control field:
005 - DATE AND TIME OF LATEST TRANSACTION
- control field: 20210601204336.0
008 - FIXED-LENGTH DATA ELEMENTS
- fixed length control field: 210601|| aca||aabn | a|a d
040 ## - CATALOGING SOURCE
- Original cataloging agency:
- Transcribing agency:
150 ## - HEADING--TOPICAL TERM
- Topical term or geographic name entry element: Brucellosis
670 ## - SOURCE DATA FOUND
- Source citation: Work cat.: (): Joint FAO/WHO Expert Committee on Brucellosis (1957 Lima) 243134, Report, 3rd /, 1958
